000 00718nam a2200241 a 4500
999 _c2160
_d2160
001 2160
003 BD-JhCC
005 20171030164232.0
008 171030s2008 mul |||| ||a| 000 0 mul d
020 _a9847015600075
035 _a(BD-JhCC)2160
040 _aBD-JhCC
_dBD-JhCC
041 _amul
082 _a891.443
_bAYN 2008
100 _aআয়োনেস্কো, ইউজীন
245 _aগন্ডার /
_cইউজীন আয়োনেস্কো
260 _aঢাকা :
_bমাওলা ব্রাদার্স,
_c২০০৮.
300 _a118 p. :
_c22 cm.
650 _aBengali Novel
700 _aচৌধুরী, কবীর
942 _2ddc
_cBK